Sociology / (Record no. 194903)

000 -LEADER
fixed length control field 00592 a2200181 4500
003 - CONTROL NUMBER IDENTIFIER
control field Nust
005 - DATE AND TIME OF LATEST TRANSACTION
control field 20221215091904.0
040 ## - CATALOGING SOURCE
Transcribing agency Nust
082 ## - DEWEY DECIMAL CLASSIFICATION NUMBER
Classification number 301,MAC
100 ## - MAIN ENTRY--PERSONAL NAME
Personal name Macionis, John J.
9 (RLIN) 24723
245 ## - TITLE STATEMENT
Title Sociology /
Statement of responsibility, etc. John J. Macionis
250 ## - EDITION STATEMENT
Edition statement 14th ed
260 ## - PUBLICATION, DISTRIBUTION, ETC.
Place of publication, distribution, etc. New York
Name of publisher, distributor, etc. Pearson
Date of publication, distribution, etc. 2012
300 ## - PHYSICAL DESCRIPTION
Extent xxv,670 p.
505 ## - FORMATTED CONTENTS NOTE
Formatted contents note PART-1: The Foundations of Sociology (Page-1) PART-2: The Foundations of Society (Page-52) PART-3: Social Inequality (Page-268) Social Institutions (Page-368) Social Change (Page-510).
650 ## - SUBJECT ADDED ENTRY--TOPICAL TERM
Topical term or geographic name entry element Sociology
9 (RLIN) 367
942 ## - ADDED ENTRY ELEMENTS (KOHA)
Source of classification or shelving scheme
Koha item type Book
Call number prefix 301,MAC
Holdings
Withdrawn status Lost status Source of classification or shelving scheme Damaged status Not for loan Permanent Location Current Location Shelving location Date acquired Full call number Barcode Date last seen Price effective from Koha item type Public note Total Checkouts
          Military College of Signals (MCS) Military College of Signals (MCS) General Stacks 12/12/2016 301,MAC MCS36742 12/08/2016 12/12/2016 Book Almirah No.48, Shelf No.6  
          Military College of Signals (MCS) Military College of Signals (MCS) General Stacks 12/12/2016 301,MAC MCS36743 12/08/2016 12/12/2016 Book Almirah No.73, Shelf No.3  
          Military College of Signals (MCS) Military College of Signals (MCS) General Stacks 03/01/2023 301,MAC MCS36744 03/01/2023 03/01/2023 Book Almirah No.73, Shelf No.3  
© 2023 Central Library, National University of Sciences and Technology. All Rights Reserved.